| 000 | 01056nam a2200373 a 4500 | ||
|---|---|---|---|
| 001 | Z_2572 | ||
| 003 | CHAP | ||
| 005 | 20230616095409.0 | ||
| 007 | ta | ||
| 008 | 220113s9999 xx 000 0 und d | ||
| 010 | _a165632 | ||
| 020 | _a0-07-048093-1 | ||
| 020 | _a0-07-048092-3 (pasta rústica) | ||
| 040 |
_aZ _cCHAP |
||
| 082 | 1 | 0 |
_a575.1 _bP35 1974 _220 |
| 100 | 1 |
_aPai, Anna C. _eautor _984732 |
|
| 245 |
_aFundation of genetics: _ba science for society / _cAnna C. Pai |
||
| 264 | 1 |
_aEstados Unidos de América : _bMcGraw-Hill, _c1974 |
|
| 300 |
_axiv, 386 paginas: _bilustracione, mapas, tablas, graficas, fotografías |
||
| 336 |
_2rdacontent _atexto _btxt |
||
| 337 |
_2rdamedia _asinmedio _bn |
||
| 338 |
_2rdacarrier _avolumen _bnc |
||
| 503 | _aej.1: s/n | ||
| 504 | _aIncluye bibliografía | ||
| 650 | 1 | 3 |
_aGenética _947469 |
| 650 | 1 | 7 |
_aHerencia humana _953728 |
| 650 | 1 | 7 |
_aMutación _979906 |
| 650 | 1 | 7 |
_aEvolución _939007 |
| 901 | _a575.1 P35 | ||
| 902 | _aM | ||
| 910 | _a | ||
| 942 |
_cLibro _2ddc |
||
| 942 | _2ddc | ||
| 999 |
_c165632 _d165632 |
||